00663nam a2200181 a 4500003000200000005001700002008004100019050003400060100002100094245007100115260009300186300004100279504004100320650003300361650002900394650003400423650002400457020250220122146.0111115s19uu xx 00 eng d aPGS BF 723.S3.M87b.M798 2011 aMontoya, Hannah. aLevel of musicality and self-esteem of students /cHannah Montoya. aLas Piñas City, Philippines : bSouthville International School and Colleges, c2011. a30 pages :billustrations ; c28 cm. aIncludes bibliographical references. aMusical ability in children. aSelf-esteem in children. aMusicvPsychological aspects. aMusic in education.